| 000 | 00630nam a2200169 a 4500 | ||
|---|---|---|---|
| 001 | 000040020 | ||
| 005 | 20201002033852.0 | ||
| 008 | 130802s2007 mx 000 0 spa d | ||
| 020 | _a9789703204724 | ||
| 040 |
_aDO-SdBNP _bspa _cBNPHU |
||
| 100 | 1 |
_aLernet-Holenia, Alexander _d1897-1976 _966252 |
|
| 245 | 1 | 3 |
_aEl Barón Bagge / _cAlexander Lernet-Holenia ; introducción y traducción de Héctor Orestes Aguilar. |
| 260 |
_aMéxico : _bUniversidad Nacional Autónoma de México, _c2007. |
||
| 490 | 1 |
_aRelato Licenciado Vidriera _v48 |
|
| 700 | 1 |
_aAguilar, Héctor Orestes _966253 |
|
| 830 | 0 |
_aRelato Licenciado Vidriera _v48 _966234 |
|
| 999 |
_c39510 _d39510 |
||